Statistics for Most Median Countries of the World

Click here to take the quiz!

General Stats

  • This quiz has been taken 42 times
  • The average score is 8 of 20

Answer Stats

Σ of ranksCountry% Correct
187Cuba
61%
197New Zealand
58%
186Laos
56%
208Bulgaria
44%
200Hungary
44%
196Honduras
42%
187Norway
42%
195Oman
42%
198Portugal
42%
201Czech Republic
39%
199Netherlands
39%
205Nicaragua
39%
190Taiwan
39%
207United Arab Emirates
39%
184Rep. of the Congo
36%
191Tajikistan
33%
197Jordan
31%
195Kyrgyzstan
28%
203Azerbaijan
25%
188Botswana
25%

Score Distribution

Percentile by Number Answered

Percent of People with Each Score

Your Score History

You have not taken this quiz